Biblioteca y Centro de Documentación

La gestión de las tecnologías de la información en las empresas españolas (Registro nro. 20462)

Detalles MARC
000 -CABECERA
Longitud fija campo de control 01151nam a2200325 c 4500
001 - NÚMERO DE CONTROL
Número de control 20462
003 - IDENTIFICADOR DE NÚMERO DE CONTROL
Identificador del número de control ES-MaCES
005 - FECHA Y HORA DE LA ÚLTIMA TRANSACCIÓN
Fecha y hora de la última transacción 20190723111240.0
008 - CAMPO FIJO DE DESCRIPCIÓN FIJA--INFORMACIÓN GENERAL
Códigos de información de longitud fija   070820s2006 sp d t 000 | spa d
035 ## - NÚMERO DE CONTROL DEL SISTEMA
Número de control del sistema CES20070010247m
040 ## - FUENTE DE CATALOGACIÓN
Centro catalogador de origen ES-MaCES
Lengua de catalogación spa
Centro transcriptor ES-MaCES
245 03 - MENCIÓN DE TÍTULO
Título La gestión de las tecnologías de la información en las empresas españolas
Resto del título : situación 2006 : [Programa FSE-EOI]
260 ## - PUBLICACIÓN, DISTRIBUCIÓN, ETC (PIE DE IMPRENTA)
Lugar de publicación, distribución, etc. [Madrid]
Nombre del editor, distribuidor, etc. EOI
Fecha de publicación, distribución, etc. 2006
300 ## - DESCRIPCIÓN FÍSICA
Extensión 138 h.
Otras características físicas gráf. col.
Dimensiones 30 cm
500 ## - NOTA GENERAL
Nota general El 2º subt. tomado de la cub.
504 ## - NOTA DE BIBLIOGRAFÍA, ETC.
Nota de bibliografía, etc. Bibliografía: h. 138
541 ## - NOTA DE LA FUENTE INMEDIANTE DE ADQUISICIÓN
Forma de adquisición Gratuito
650 #4 - ASIENTO SECUNDARIO DE MATERIA--TÉRMINO DE MATERIA
Término de materia o nombre geográfico como elemento inicial tecnología de la información
9 (RLIN) 30104
650 #4 - ASIENTO SECUNDARIO DE MATERIA--TÉRMINO DE MATERIA
Término de materia o nombre geográfico como elemento inicial Internet
9 (RLIN) 30572
650 #4 - ASIENTO SECUNDARIO DE MATERIA--TÉRMINO DE MATERIA
Término de materia o nombre geográfico como elemento inicial aplicación
9 (RLIN) 29859
650 #4 - ASIENTO SECUNDARIO DE MATERIA--TÉRMINO DE MATERIA
Término de materia o nombre geográfico como elemento inicial España
9 (RLIN) 26964
650 #4 - ASIENTO SECUNDARIO DE MATERIA--TÉRMINO DE MATERIA
Término de materia o nombre geográfico como elemento inicial 2006
9 (RLIN) 31838
650 #4 - ASIENTO SECUNDARIO DE MATERIA--TÉRMINO DE MATERIA
9 (RLIN) 28178
Término de materia o nombre geográfico como elemento inicial empresa
653 10 - TÉRMINO DE INDEXACIÓN--NO CONTROLADO
Término no controlado Empresa
710 2# - ENCABEZAMIENTO SECUNDARIO--NOMBRE CORPORATIVO
Nombre de entidad o nombre de jurisdicción como elemento inicial Escuela de Organización Industrial
Término indicativo de función ed.
9 (RLIN) 2702
787 0# - ENTRADA DE OTRAS ESPECIFICACIONES
Título La gestión de las tecnologías de la información y de la comunicación (TIC) en las empresas españolas y su incidencia en el empleo
Número de control del registro relacionado (ES-MaCES)19109
902 ## - CES. TIPO DE DOCUMENTO
Tipodoc (006$c Sirtex) LIB Libro
942 ## - ELEMENTOS KOHA
Fuente de clasificaión o esquema Clasificación propia del CES
Koha [por defecto] tipo de item Monografías
Parte de clasificación Economía
Existencias
Número de registro Signatura completa Tipo de item de Koha
068732 DPT-13558 Monografías
© CES, Consejo Económico y Social de España 2021